00784nam a2200217 a 450000100060000000300080000600500170001400800410003102000160007203500190008804000270010704100090013408200250014310000600016824501250022825000230035326000920037630000480046865000120051665000380052840479BD-RjUL20211209053226.0160503s1974 bg ||||| |||| 00| 0 ben d c: TK 13.00  a(BD-RjUL)40594 aBD-RjULbben cBD-RjUL aben  223 a170 bHON 1974  aহক, মুহাম্মদ আখতারুল 10aনীতিবিজ্ঞানের রুপরেখা / cমুহাম্মদ আখতারুল হক  a২য় সং.  aঢাকা :bপুথিঘর লিমিটেড,c১৯৭৪ [১৩৮১]  a২৮৬ পৃ. ; c২২ সেমি.  aEthics  aনীতিশাস্ত্র